000
00217nam a2200097Ia 4500
008
220204s9999 xx 000 0 und d
082
_a
82-3
_b
ODO
100
_a
ODonnell, Peter
245
0
_a
Silver mistress
942
_c
BK
999
_c
33816
_d
33816